Blackwell Handbook of Childhood Cognitive Development / Handbooks of Developmental Psychology (Record no. 2187)
[ view plain ]
| 000 -LEADER | |
|---|---|
| fixed length control field | 01429cam a22001934a 4500 |
| 005 - ΗΜΕΡΟΜΗΝΙΑ ΚΑΙ ΩΡΑ ΤΕΛΕΥΤΑΙΑΣ ΕΝΗΜΕΡΩΣΗΣ | |
| Πεδίο ελέγχου | 20250605164033.0 |
| 008 - FIXED-LENGTH DATA ELEMENTS--GENERAL INFORMATION | |
| Πεδίο ελέγχου σταθερού μήκους | 250528s ||||||||||||||||||||||||d |
| 035 ## - SYSTEM CONTROL NUMBER | |
| System control number | 16714 |
| 020 ## - ISBN | |
| ISBN | 631218416 |
| 040 ## - ΠΗΓΗ ΚΑΤΑΛΟΓΟΓΡΑΦΗΣΗΣ | |
| Φορέας πρωτότυπης καταλογογράφησης | MC Athens Campus Library |
| Γλώσσα καταλογογράφησης | Ελληνικά, Μοντέρνα (1453-) |
| Modifying agency | MC Athens Campus Library |
| Κανόνες περιγραφικής καταλογογράφησης | AACR2 |
| 245 1# - ΤΙΤΛΟΣ ΚΑΙ ΔΗΛΩΣΗ ΥΠΕΥΘΥΝΟΤΗΤΑΣ | |
| Τίτλος | Blackwell Handbook of Childhood Cognitive Development / Handbooks of Developmental Psychology |
| 260 ## - PUBLICATION, DISTRIBUTION, ETC. | |
| Name of publisher, distributor, etc. | Blackwell Publishing, |
| Date of publication, distribution, etc. | 2004 |
| 300 ## - PHYSICAL DESCRIPTION | |
| Extent | 762 |
| 520 ## - SUMMARY, ETC. | |
| Summary, etc. | This book provides state-of-the-art summaries of current research by international specialists in different areas of cognitive development. Acknowledgements, Infancy: The Origins of Cognitive Development, The Development of Understanding Self and Agency, Early Categorization: A New Synthesis, Early Memory Development, Cognitive Development in Early Childhood, Development of the Animate-Inanimate Distinction, Pretend Play and Cognitive Development, Topics in Cognitive Development in Childhood, The Development of Causal Reasoning, Inductive and Deductive Reasoning, Children's Intuitive Physics, Reading and Development and Dyslexia, Topics in Atypical Cognitive Development, Language and Cognition: Evidence from Disordered Language, Models of Cognitive Development, Piaget's Model, Vygotsky's Model of Cognitive Development, Information-Processing Models of Cognitive Development, References, Index. |
| 700 1# - ΠΡΟΣΘΕΤΗ ΑΝΑΓΡΑΦΗ--ΦΥΣΙΚΟ ΠΡΟΣΩΠΟ | |
| Personal name | Goswami Usha |
| 9 (RLIN) | 2804 |
| 942 ## - ADDED ENTRY ELEMENTS (KOHA) | |
| Koha item type | Books |
| Τύπος τεκμηρίου | Βιβλιοθήκη | Τρέχουσα τοποθεσία | Barcode | Αριθμός εισαγωγής | Ημερομηνία απόκτησης | Ταξιθετικό σύμβολο | Αριθμός αντιτύπου | Κατάσταση απόσυρσης | Κατάσταση χαμένου | Κατάσταση κατεστραμμένου | Μη δανεισμός | Σύνολο δανεισμών | Ημερομηνία τελευταίας εμφάνισης | Η τιμή ισχύει από |
|---|---|---|---|---|---|---|---|---|---|---|---|---|---|---|
| Books | MC Athens Campus Library | MC Athens Campus Library | 9780000021861 | 4931 | 05/06/2025 | 155.413 GOS | 1 | 05/06/2025 | 05/06/2025 |